| 000 | 00841cam a2200229 i 4500 | ||
|---|---|---|---|
| 001 | 19636758 | ||
| 005 | 20241111112349.0 | ||
| 008 | 170512s2017 nju 001 0 eng c | ||
| 020 | _a9781569025550 (hb : alk. paper) | ||
| 020 | _a9781569025567 (pb : alk. paper) | ||
| 050 | 0 | 0 |
_aHC800 _b.Y36 2017 |
| 082 | 0 | 4 |
_a338.960905 _223 |
| 100 | 1 |
_aYamson, Ishmael E., _eauthor. |
|
| 245 | 1 | 0 |
_aAfrica in search of prosperity : _bIshmael E. Yamson's essays on development economics, business, finance, and economic growth / _cedited by Ivor Agyeman-Duah, Bill Buenar Puplampu. |
| 300 |
_axviii, 318 pages ; _c22 cm |
||
| 500 | _aIncludes index. | ||
| 650 | 0 |
_aEconomic development _zAfrica. |
|
| 650 | 0 |
_aHuman capital _zAfrica. |
|
| 700 | 1 |
_aAgyeman-Duah, Ivor, _d1966- _eeditor. |
|
| 700 | 1 |
_aPuplampu, Bill Buenar, _eeditor. |
|
| 942 |
_2lcc _cBK _n0 |
||
| 999 |
_c992 _d992 |
||